Northmont B

Bridget Scranton, Russell Dillak, Kevin Adler, Nathan Haley


Current Events - U.S.220.0050%50%100%
Current Events - World220.00100%100%0%
Fine Arts - Ballet/Dance120.00100%100%0%
Fine Arts - Film25.000%50%0%
Fine Arts - Miscellaneous415.00100%25%25%
Fine Arts - Music516.0080%80%0%
Fine Arts - Opera110.00100%0%0%
Fine Arts - Painting914.44100%33%11%
Geography - Europe120.00100%100%0%
Geography - United States120.00100%100%0%
Geography - World110.00100%0%0%
History - American818.75100%63%25%
History - Cross, Historiography, and Miscellaneous516.0080%60%20%
History - European610.0067%33%0%
History - World78.5771%14%0%
Literature - American711.43100%14%0%
Literature - British711.4386%29%0%
Literature - European712.8686%29%14%
Literature - World and Miscellaneous88.7575%13%0%
Other - Other Academic and General Knowledge412.50100%0%25%
RMP - Buddhism120.00100%100%0%
RMP - Christian Practice110.00100%0%0%
RMP - East Asian Religion110.00100%0%0%
RMP - Hebrew Bible110.00100%0%0%
RMP - Hinduism120.00100%100%0%
RMP - Islam110.00100%0%0%
RMP - New Testament120.00100%100%0%
RMP - Other Religion110.00100%0%0%
RMP - Philosophy410.00100%0%0%
RMP - World Mythology316.67100%67%0%
Science - Astronomy313.33100%33%0%
Science - Biology910.0078%22%0%
Science - Chemistry610.0083%0%17%
Science - Earth120.00100%100%0%
Science - Engineering and Miscellaneous120.00100%0%100%
Science - Math210.00100%0%0%
Science - Physics68.3383%0%0%
Social Science - Anthropology110.00100%0%0%
Social Science - Economics310.00100%0%0%
Social Science - Psychology130.00100%100%100%
Social Science - Sociology110.00100%0%0%